000
00294 a2200145 4500
001
169903
020
_a
040
_c
Magnum
100
_a
Critchley, Macdonald
240
1
0
_a
El nino dislexico
_l
ESP
245
1
0
_a
El nino dislexico
362
0
_a
1899
697
_a
PSICOLOGIA
942
_c
BK
999
_c
169903
_d
169903